LEADER 00942nam 2200337 450 001 990003361080203316 005 20100111170657.0 035 $a000336108 035 $aUSA01000336108 035 $a(ALEPH)000336108USA01 035 $a000336108 100 $a20100111d1979----km-y0itay50------ba 101 $aita 102 $aIT 105 $a||||||||001yy 200 1 $fRalf Dahrendorf$ga cura di Vincenzo Ferrari 210 $aRoma ; Bari$cLaterza$d1979 215 $a169 p.$d18 cm 225 2 $aSaggi tascabili Laterza$v63 410 0$12001$aSaggi tascabili Laterza 606 0 $aLiberalismo$yEuropa$zSec. 20. 676 $a320.94 700 1$aDAHRENDORF,$bRalf 702 1$aFERRARI,$bVincenzo 801 0$aIT$bsalbc$gISBD 912 $a990003361080203316 951 $aXXX.A. Coll. 47/ 27$b54831 G.$cXXX.A. Coll. 47/$d00262583 959 $aBK 969 $aGIU 979 $aRSIAV1$b90$c20100111$lUSA01$h1706 997 $aUNISA LEADER 00889nam0-2200325---450- 001 990008668150403321 005 20080604164550.0 010 $a9780387400501 035 $a000866815 035 $aFED01000866815 035 $a(Aleph)000866815FED01 035 $a000866815 100 $a20080604d2007----km-y0itay50------ba 101 0 $aeng 102 $aUS 105 $aa-------001yy 200 1 $a<>nature of statistical evidence$fBill Thompson 210 $aNew York$cSpringer$dc2007 215 $aX, 152 p.$cill.$d24 cm 225 1 $aLecture notes in statistics$v189 610 0 $aStatistica 676 $a519.542 700 1$aThompson,$bBill$0503451 801 0$aIT$bUNINA$gRICA$2UNIMARC 901 $aBK 912 $a990008668150403321 952 $aVI E 158 (189)$b43315$fFSPBC 959 $aFSPBC 996 $aNature of statistical evidence$9717471 997 $aUNINA